000 00288nam a22001337a 4500
008 190225b xxu||||| |||| 00| 0 eng d
020 _a9780470575185
041 _aeng
080 _a004
100 _a28
101 _aSHK
245 _aC++ for everyone
_cHorstmann,C
942 _2udc
_cBK
999 _c54177
_d54177